Регионална библиотека "Любен Каравелов" - Русе

Смешни истории (Запис номер 142708)

MARC детайли
000 -Лидер
Контролно поле с фиксирана дължина 02086nam a2200385 c 4500
003 - Код на организацията, давaща контролен номер
Контролно поле BLK
005 - Дата и час на последна редакция
Контролно поле 20211110115631.0
008 - Елементи от данни с фиксирана дължина
fixed length control field 180409b bul|||||r ||||||| ||bul||
010 ## - Наследен системен номер
LC control number KNG00148805000
040 ## - Източник на каталожния запис
Идентификатор на билиотеката - собственик на записа BLK
041 ## - Код за език
Код за езика на текст/звукозапис или на отделно заглавие Български
Код за езика КДБФ Български
080 ## - УДК
Текстов определител УДК Българска литература
УДК код - определител по УДК 821.163.2
УДК определител -93-34
УДК - код + определител 821.163.2-93-34
080 ## - УДК
Текстов определител УДК Българска литература
УДК код - определител по УДК 821.163.2
УДК определител -93-1
УДК - код + определител 821.163.2-93-1
139 ## - Редно поле
Редна дума Смешни истории
Авторски знак См - С 46
245 10 - Сведения за заглавието
Заглавие Смешни истории
Подзаглавни данни Сб.
Редно поле (дума) нарис. Стоян Венев; с послесл. от Лена Венева; * Орлин Орлинов Василев; * Асен Иванов Босев; * Здравко Василев Сребров; * Стоян Венев Илиев.
257 ## - Страна на издаване
Страна на създаване/издаване България
260 ## - Област на издателските данни
-- София
Име на издателя, разпространителя и проч. Бълг. художник
Година на издаване 1971
300 ## - Физическа характеристика
Страници 48 с.
Илюстрации и др. с ил.
Размери/Мащаб 37 см
380 ## - Жанр
Жанр Детска худож. лит.
490 1# - СЕРИИ (Колекции)
Име на серия Поредица Любими детски илюстратори
500 ## - Общи забележки
Забележка Кор. опис. - 100 000 тир. - Съдържа : Страх-Страшилище : Приказка / Орлин Василев. Учен Петко : Поема / Асен Босев. Капанът на дядо Пею : Приказка / Здравко Сребров. - Пълното име на ил. е Стоян Венев Илиев.
653 ## - Ключова дума – ненормативна
Ключова дума литература за деца
653 ## - Ключова дума – ненормативна
Ключова дума детска литература
700 1# - Други автори (авторска отговорност)
Лично име Венев, Стоян
Автороска отговорност (Описва отношението между автора и произведението) нарис.
Друга информация Илиев, Стоян Венев
9 (RLIN) 369036
700 1# - Други автори (авторска отговорност)
Лично име Венева, Лена
Автороска отговорност (Описва отношението между автора и произведението) с послесл. от
9 (RLIN) 327715
700 1# - Други автори (авторска отговорност)
Лично име Василев, Орлин Орлинов
Автороска отговорност (Описва отношението между автора и произведението) *
9 (RLIN) 327394
700 1# - Други автори (авторска отговорност)
Лично име Босев, Асен Иванов
Автороска отговорност (Описва отношението между автора и произведението) *
9 (RLIN) 363513
700 1# - Други автори (авторска отговорност)
Лично име Сребров, Здравко Василев
Автороска отговорност (Описва отношението между автора и произведението) *
9 (RLIN) 377169
700 1# - Други автори (авторска отговорност)
Лично име Илиев, Стоян Венев
Автороска отговорност (Описва отношението между автора и произведението) *
9 (RLIN) 379516
852 ## - Местоположение
Форматна сигнатура Цб ІІ 18769
856 4# - Електронен адрес и достъп
Електронен формат pdf - файл
Път до файла /url/
856 4# - Електронен адрес и достъп
Електронен формат pdf - файл
Път до файла /url/
942 ## - АРТИКУЛИ
Вид на библиотечния материал Книги
Скрит в OPAC Не
Koha issues (borrowed), all copies 2
944 ## - СЪЗДАВАНЕ И РЕДАКЦИЯ на ЗАПИСА
Създаване/Редакция Създаване
Дата на регистрацията/редакция 07.08.2013
Статус, дата на статуса 07.08.2013 - от С1,Р / 07.08.2013
Служител, извършил регистрацията/редакцията Люсиена_Милчева
944 ## - СЪЗДАВАНЕ И РЕДАКЦИЯ на ЗАПИСА
Създаване/Редакция Редакция
Дата на регистрацията/редакция 07.08.2013
Статус, дата на статуса 07.08.2013 - от С1,Р / 07.08.2013
Служител, извършил регистрацията/редакцията
999 ## - СИСТЕМНИ КОНТРОЛНИ НОМЕРА
Koha biblionumber 142708
Koha biblioitemnumber 142708
Наличности
Код за отписване Код за изгубен артикул Източник на класификационната схема Код за повреда Коз за рестрикции Код за отдаване Артикулен № Име на библиотеката - собственик Име на библиотеката, в която се намира в момента Статус (Текущо местоположение) Дата на вписване в системата Местоположение - отдел Цена в лева Инвентарен номер Систематично азбучна сигнатура Баркод Номер на екземпляра Цена в евро Служебна бележка Служебен тип на артикула
  Не е изгубен Universal Decimal Classification Не е повреден само за читалня ползва се в читалня 236320 Регионална библиотека "Любен Каравелов" Русе Регионална библиотека "Любен Каравелов" Русе Хранилище 1971-01-01 Хранилище 1.00 94683 Цб ІІ 18769 120000094683 1 0.51 Вид: Сф N: стар фонд Дата: 01.01.1971 Книги
Изтеглен Не е изгубен Universal Decimal Classification Не е повреден без рестрикции заемане за дома 236321 Регионална библиотека "Любен Каравелов" Русе Регионална библиотека "Любен Каравелов" Русе Детски отдел 1971-01-01 Детски отдел 1.00 96845 ДХ 886.7/С 46 96845 2 0.51 Вид: Сф N: стар фонд Дата: 01.01.1971 Дата инв: 18.09.2015 Бележки инв: Д2015 Книги
Изтеглен Не е изгубен Universal Decimal Classification Не е повреден без рестрикции заемане за дома 236322 Регионална библиотека "Любен Каравелов" Русе Регионална библиотека "Любен Каравелов" Русе Детски отдел 1971-01-01 Детски отдел 0.10 96846 ДХ 886.7/С 46 96846 3 0.05 Вид: Сф N: стар фонд Дата: 01.01.1971 Дата инв: 27.08.2015 Бележки инв: Д2015 Книги
Vip Innovations Ltd, Rousse, Bulgaria 2025